| 000 | 02505nam a2200289 a 4500 | ||
|---|---|---|---|
| 001 | ASIN1118123670 | ||
| 003 | OSt | ||
| 005 | 20180116192422.0 | ||
| 008 | 140509s2013 xxu eng d | ||
| 020 |
_a1118123670 (hardcover) _c$85.00 |
||
| 020 | _a9781118123676 (hardcover) | ||
| 040 | _csada | ||
| 050 | 0 | 4 | _aNA2540.5 |
| 082 | 0 | 4 | _a720.28 |
| 100 | 1 |
_aLaGro, James A. _97532 |
|
| 245 | 1 | 0 |
_aSite analysis : _binforming context-sensitive and sustainable site planning and design / _cJames A. LaGro. |
| 250 | _a3rd ed. | ||
| 260 |
_a[S.l.] : _bWiley, _c2013. |
||
| 300 |
_a384 p. ; _c24 cm. |
||
| 520 | _aThe process-oriented guide to context-sensitive site selection, planning, and design Sustainable design is responsive to context. And each site has a unique set of physical, biological, cultural, and legal attributes that presents different opportunities and constraints for alternative uses of the site. Site analysis systematically evaluates these on-site and off-site factors to inform the design of places—including neighborhoods and communities—that are attractive, walkable, and climate-resilient. This Third Edition of Site Analysis is fully updated to cover the latest topics in low-impact, location-efficient design and development. This complete, user-friendly guide: Blends theory andpractice from the fields of landscape architecture, urban planning, architecture, geography, and urban design Addresses important sustainability topics, including LEED-ND, Sustainable Sites, STAR community index, and climate adaptation Details the objectives and visualization methods used in each phase of the site planning and design process Explains the influence of codes, ordinances, and site plan approval processes on the design of the built environment Includes more than 200 illustrations and eight case studies of projects completed by leading planning and design firms Site Analysis, Third Edition is the ideal guide for students taking courses in site analysis, site planning, and environmental design. New material includes review questions at the end of each chapter for students as well as early-career professionals preparing for the ARE, LARE, or AICP exams. | ||
| 650 | 0 |
_aBuilding sites--Environmental aspects _97533 |
|
| 650 | 0 |
_aBuilding sites--Planning _97534 |
|
| 650 | 0 |
_aLand use--Environmental aspects _97535 |
|
| 650 | 0 |
_aLand use--Planning _97536 |
|
| 856 | 4 | 0 |
_3Amazon.com _uhttp://www.amazon.com/exec/obidos/ASIN/1118123670/chopaconline-20 |
| 942 |
_2ddc _cBK |
||
| 999 |
_c353946 _d353946 |
||